000 00379 a2200157 4500
001 75136
020 _a978850207254
040 _cAnchieta - Colégio São Paulo
100 _aMilan, Ivonildes
240 1 0 _aProjeto prosa : Matemática 2º ano
_lpor
245 1 0 _aProjeto prosa : Matemática 2º ano
300 _a240
362 0 _a2008
650 4 _aMatemática
942 _cBK
999 _c75136
_d75136